El arbol del Sándalo de la isla de Juan Fernández
Saved in:
| Main Authors: | , |
|---|---|
| Institution som forfatter: | |
| Format: | Bog |
| Sprog: | spansk |
| Udgivet: |
Santiago
Museo Nacional de Chile
1892
|
| Udgivelse: | 1a. ed |
| Serier: | Anales del Museo Nacional de Chile
|
| Fag: | |
| Tags: |
Tilføj Tag
Ingen Tags, Vær først til at tagge denne postø!
|
MARC
| LEADER | 00000nam a2200000 a 4500 | ||
|---|---|---|---|
| 001 | UCJ8631 | ||
| 003 | CL-VaPUC | ||
| 008 | 070124e18920000CL |||||||||||||||||spa|d | ||
| 082 | 0 | 4 | |a 581 |b PHI |2 21 |
| 100 | 0 | |a Philippi, Federico |e author |9 517501 | |
| 700 | 0 | |a Philippi, Rodulfo Amando |e author |9 505016 | |
| 110 | 2 | |a Museo Nacional de Chile |e author |9 517502 | |
| 245 | 1 | 3 | |a El arbol del Sándalo de la isla de Juan Fernández |
| 246 | 1 | 3 | |a La alcayota de los chilenos, cidracayote de los españoles. Con tres láminas |
| 250 | |a 1a. ed | ||
| 300 | |a 16 p | ||
| 942 | |c BK | ||
| 945 | |d 20070124 00:00:00 |a rinostro | ||
| 260 | |a Santiago |b Museo Nacional de Chile |c 1892 | ||
| 500 | |a Formato .33x.28 m | ||
| 650 | 0 | |a Flora chilena |9 416577 | |
| 650 | 7 | |a SANDALO |2 CL-VaPUC |9 517503 | |
| 650 | 0 | |a Alcayota |9 517504 | |
| 651 | 7 | |a JUAN FERNANDEZ |2 CL-VaPUC |9 384330 | |
| 583 | |a last modification |c 20070124 00:00:00 |k Rodrigo Vera | ||
| 490 | 0 | |a Anales del Museo Nacional de Chile | |
| 999 | |c 324301 |d 324299 | ||
| 952 | |0 0 |1 0 |4 0 |6 581_000000000000000_PHI_1892 |7 0 |8 X |9 404386 |a FDOBUD |b FDOBUD |d 2019-11-22 |i 1081497 |o 581 PHI 1892 |p 1081497 |r 2019-11-22 |w 2019-11-22 |y BK_X |k BUD | ||